Aspekty dodávateľsko – odberateľských vzťahov po nástupe obchodných reťazcov

Príspevok sa zaoberá posúdením dodávateľsko – odberateľských vzťahov v súvislosti s nástupom a etablovaním obchodných reťazcov na trh. Konkretizuje dodávateľov tovaru do obchodných reťazcov a približuje vzájomnú spoluprácu s nimi.

Salvato in:
Dettagli Bibliografici
Autore principale: Kissová, Jana, 1979-
Natura: Capitolo di libro
Lingua:slovacco
Soggetti:
Tags: Aggiungi Tag
Nessun Tag, puoi essere il primo ad aggiungerne!!

MARC

LEADER 00000nla a2200000 4500
001 0178946
005 20240502083421.7
041 0 |a slo 
044 |a CZ 
245 1 0 |a Aspekty dodávateľsko – odberateľských vzťahov po nástupe obchodných reťazcov  |c Jana Kissová 
520 |a Príspevok sa zaoberá posúdením dodávateľsko – odberateľských vzťahov v súvislosti s nástupom a etablovaním obchodných reťazcov na trh. Konkretizuje dodávateľov tovaru do obchodných reťazcov a približuje vzájomnú spoluprácu s nimi. 
610 2 0 |a potraviny 
610 2 0 |a dodávatelia 
610 2 0 |a reťazce obchodné 
610 2 0 |a vzťahy dodávateľsko-odberateľské 
610 2 0 |a bilancia obchodná 
100 1 |a Kissová, Jana, 1979-